[Event "ODJM B 2018"]
[Site "Willingen GER"]
[Date "2018.05.20"]
[Round "1"]
[White "Hungeling, David"]
[Black "Bardorz, Stefan"]
[Result "1-0"]
[Termination "normal"]
[Board "40"]
[WhiteElo "1442"]
[BlackElo "1714"]
[PlyCount "87"]
[WhiteFideId "16222440"]
[BlackFideId "16245474"]
[EventCountry "GER"]
[EventRounds "9"]
[EventType "swiss"]
[EventDate "2018.05.19"]

1. e4 e5 2. Nf3 Nc6 3. Bb5 a6 4. Ba4 Nf6 5. O-O b5 6. Bb3 Be7 7. Re1 d6 8. c3
Na5 9. Bc2 c5 10. d4 cxd4 11. cxd4 Qc7 12. b3 O-O 13. h3 Nc6 14. Bb2 Nd7 15.
Nc3 exd4 16. Nd5 Qd8 17. Nxd4 Nxd4 18. Qxd4 Bf6 19. Nxf6+ Nxf6 20. Rad1 Qc7 21.
Re2 Bb7 22. Qxd6 Qxd6 23. Rxd6 Rfd8 24. Rb6 Rd7 25. Bxf6 gxf6 26. Rxf6 Kg7 27.
e5 Re8 28. Rf4 Bc8 29. Re3 Rc7 30. Rg3+ Kf8 31. Bxh7 Rxe5 32. Re4 Rxe4 33. Bxe4
Rc1+ 34. Kh2 Ra1 35. Rc3 Be6 36. Rc2 Ke7 37. Kg3 Kf6 38. Kf4 Bd7 39. Rd2 Be6
40. h4 Rh1 41. g3 Rh2 42. Ke3 Rh3 43. Re2 Ke5 44. Bg2 1-0

[Event "ODJM B 2018"]
[Site "Willingen GER"]
[Date "2018.05.20"]
[Round "1"]
[White "Lehmann, Tim"]
[Black "Brunner, Alexander"]
[Result "1-0"]
[Termination "normal"]
[Board "41"]
[WhiteElo "1781"]
[BlackElo "1596"]
[PlyCount "79"]
[WhiteFideId "12979171"]
[BlackFideId "12965278"]
[EventCountry "GER"]
[EventRounds "9"]
[EventType "swiss"]
[EventDate "2018.05.19"]

1. d4 d5 2. Bf4 Nf6 3. e3 c5 4. c3 Nc6 5. Nd2 Bf5 6. Ngf3 e6 7. Be2 Bd6 8. Bg3
O-O 9. Nh4 Bg6 10. Nxg6 fxg6 11. Nf3 cxd4 12. exd4 Bxg3 13. hxg3 Qb6 14. Qb3
Qxb3 15. axb3 Ng4 16. O-O a6 17. Rae1 Rae8 18. Ng5 Nf6 19. Bd3 e5 20. dxe5 Nxe5
21. Bc2 h6 22. Nf3 Nxf3+ 23. gxf3 Kh7 24. Kg2 Nd7 25. Re3 Rc8 26. Rd1 Nf6 27.
b4 Rfd8 28. Red3 b6 29. Rd4 a5 30. Bb3 axb4 31. Rxb4 Rd6 32. Rbd4 Rc5 33. c4
Kg8 34. R1d2 Kf8 35. cxd5 Rb5 36. Bc4 Rb4 37. Ba2 Rxd4 38. Rxd4 b5 39. Bb1 Nxd5
40. Ba2 1-0

[Event "ODJM B 2018"]
[Site "Willingen GER"]
[Date "2018.05.20"]
[Round "1"]
[White "Toth, Marc"]
[Black "Zha, Kevin"]
[Result "0-1"]
[Termination "normal"]
[Board "42"]
[WhiteElo "1434"]
[BlackElo "1596"]
[PlyCount "64"]
[WhiteFideId "16260210"]
[BlackFideId "16208951"]
[EventCountry "GER"]
[EventRounds "9"]
[EventType "swiss"]
[EventDate "2018.05.19"]

1. e4 d5 2. exd5 Qxd5 3. Nc3 Qd6 4. Nf3 Nf6 5. Bc4 a6 6. O-O b5 7. Bb3 e6 8. d4
Bb7 9. Be3 Be7 10. Re1 O-O 11. Qe2 Nbd7 12. Rad1 Nb6 13. Ne5 Nbd5 14. Nxd5 Nxd5
15. c4 Nxe3 16. Qxe3 bxc4 17. Bxc4 Rfd8 18. Re2 Qb6 19. Red2 h6 20. Qf4 Bf6 21.
h4 Rd6 22. b3 Rad8 23. Rd3 Qa5 24. a4 c5 25. dxc5 Rxd3 26. Rxd3 Qe1+ 27. Kh2
Bxe5 28. Rxd8+ Kh7 29. Qxe5 Qxe5+ 30. Kg1 Qxc5 31. Rd7 Qc6 32. Bd3+ f5 0-1

[Event "ODJM B 2018"]
[Site "Willingen GER"]
[Date "2018.05.20"]
[Round "1"]
[White "Bilecen, Simon"]
[Black "Weber, Tom"]
[Result "0-1"]
[Termination "normal"]
[Board "43"]
[WhiteElo "1580"]
[BlackElo "1433"]
[PlyCount "56"]
[WhiteFideId "16225511"]
[BlackFideId "16266064"]
[EventCountry "GER"]
[EventRounds "9"]
[EventType "swiss"]
[EventDate "2018.05.19"]

1. e4 c5 2. Nf3 Nc6 3. d4 cxd4 4. Nxd4 g6 5. Be3 Bg7 6. Bc4 Nf6 7. f3 O-O 8.
O-O d5 9. exd5 Ne5 10. Bb3 Nxd5 11. Bf2 Nf6 12. Nc3 a6 13. Qe2 Qa5 14. f4 Neg4
15. Be1 Qc5 16. Rd1 Rd8 17. Na4 Qa7 18. Qxe7 Rxd4 19. Bxf7+ Kh8 20. Rxd4 Qxd4+
21. Kh1 Bf5 22. h3 Ne3 23. Bf2 Ne4 24. Bxe3 Qxe3 25. Qxb7 Ng3+ 26. Kh2 Nxf1+
27. Kh1 Rf8 28. Bc4 Bd4 0-1

[Event "ODJM B 2018"]
[Site "Willingen GER"]
[Date "2018.05.20"]
[Round "1"]
[White "Schilay, Maria"]
[Black "Limberg, Thomas"]
[Result "1-0"]
[Termination "normal"]
[Board "44"]
[WhiteElo "1354"]
[BlackElo "1647"]
[PlyCount "87"]
[WhiteFideId "12942979"]
[BlackFideId "16226755"]
[EventCountry "GER"]
[EventRounds "9"]
[EventType "swiss"]
[EventDate "2018.05.19"]

1. e4 Nf6 2. Nc3 d5 3. exd5 Nxd5 4. Bc4 Nb6 5. Bb3 c5 6. d3 Nc6 7. Nf3 Bf5 8.
Be3 Nd4 9. h3 e6 10. O-O Be7 11. Bxd4 cxd4 12. Ne2 Bf6 13. Ng3 Bg6 14. Re1 O-O
15. Ne5 Bxe5 16. Rxe5 Qd6 17. Re2 Nd5 18. Bxd5 Qxd5 19. Qd2 f6 20. a3 e5 21.
Rae1 Rac8 22. Kh1 Qb5 23. b3 Rc7 24. Rc1 Rfc8 25. Ne4 Qd5 26. a4 Bh5 27. f3 Bf7
28. Qb4 a5 29. Qa3 Rc6 30. Qb2 f5 31. Nd2 Bg6 32. Nc4 e4 33. fxe4 fxe4 34. dxe4
Bxe4 35. Rd2 Rg6 36. Rg1 Qd7 37. Kh2 d3 38. cxd3 Bxd3 39. Ne5 Qc7 40. Rxd3 Re8
41. Re3 Rge6 42. Rge1 Qc5 43. R3e2 Qd6 44. Kh1 1-0

[Event "ODJM B 2018"]
[Site "Willingen GER"]
[Date "2018.05.20"]
[Round "1"]
[White "Thumm, Niklas"]
[Black "Götz, Timon"]
[Result "1-0"]
[Termination "normal"]
[Board "45"]
[WhiteElo "1781"]
[BlackElo "1413"]
[PlyCount "119"]
[WhiteFideId "12918733"]
[BlackFideId "16245040"]
[EventCountry "GER"]
[EventRounds "9"]
[EventType "swiss"]
[EventDate "2018.05.19"]

1. Nc3 c5 2. e4 e6 3. f4 Nc6 4. Nf3 Be7 5. Bc4 a6 6. a4 d6 7. d3 Nf6 8. O-O O-O
9. Qe1 d5 10. Ba2 Re8 11. Qg3 b6 12. Bd2 Bb7 13. f5 exf5 14. exf5 Rc8 15. Rae1
Nb4 16. Bb1 Qd7 17. Bh6 Bf8 18. Rxe8 Rxe8 19. Bg5 Qd6 20. Bf4 Nh5 21. Bxd6 Nxg3
22. Bxg3 c4 23. dxc4 Bc5+ 24. Bf2 Bxf2+ 25. Kxf2 dxc4 26. Nd2 b5 27. axb5 axb5
28. g3 Bc6 29. Nf3 Rd8 30. Rd1 Re8 31. Nd4 Bd7 32. Ndxb5 Bxb5 33. Nxb5 f6 34.
Nd6 Rd8 35. Ke2 Nc6 36. c3 Ne5 37. Ba2 Kf8 38. Nxc4 Rxd1 39. Kxd1 Nxc4 40. Bxc4
Ke7 41. Bg8 h6 42. Bh7 Kd6 43. Bg6 Kd5 44. Kd2 Kc5 45. Kd3 Kd5 46. b4 Kc6 47.
c4 Kb6 48. Kd4 Kc6 49. b5+ Kd6 50. b6 Kc6 51. c5 Kb7 52. Kd5 h5 53. c6+ Kc8 54.
b7+ Kc7 55. Kc5 h4 56. gxh4 Kb8 57. Kd6 Ka7 58. Kd7 Kb8 59. c7+ Ka7 60. c8=Q
1-0

[Event "ODJM B 2018"]
[Site "Willingen GER"]
[Date "2018.05.20"]
[Round "1"]
[White "Mainka, Irmin"]
[Black "Reuter, Julian-Frank"]
[Result "1-0"]
[Termination "normal"]
[Board "46"]
[WhiteElo "1415"]
[BlackElo "1652"]
[PlyCount "53"]
[WhiteFideId "16248457"]
[BlackFideId "16256182"]
[EventCountry "GER"]
[EventRounds "9"]
[EventType "swiss"]
[EventDate "2018.05.19"]

1. e4 c5 2. Nf3 d6 3. d4 cxd4 4. Nxd4 Nf6 5. Nc3 a6 6. Bd3 e5 7. Nf3 h6 8. h3
Be6 9. O-O Be7 10. b3 Nc6 11. Bb2 O-O 12. Re1 Rc8 13. Bf1 Qa5 14. a3 Rfd8 15.
b4 Qb6 16. Qc1 d5 17. exd5 Nxd5 18. Nxd5 Rxd5 19. Bc4 Rd6 20. Bxe6 Rxe6 21.
Nxe5 Nxe5 22. Rxe5 Bh4 23. Qf4 Rxe5 24. Bxe5 Rxc2 25. Qxh4 Qe6 26. Qd8+ Kh7 27.
Qd3+ 1-0

[Event "ODJM B 2018"]
[Site "Willingen GER"]
[Date "2018.05.20"]
[Round "1"]
[White "Wastian, Mareike"]
[Black "Guo, Philipp Ziming"]
[Result "1-0"]
[Termination "normal"]
[Board "47"]
[WhiteElo "1535"]
[BlackElo "1453"]
[PlyCount "47"]
[WhiteFideId "12947423"]
[BlackFideId "16245199"]
[EventCountry "GER"]
[EventRounds "9"]
[EventType "swiss"]
[EventDate "2018.05.19"]

1. e4 e5 2. Nf3 Nc6 3. Bb5 a6 4. Bxc6 dxc6 5. Nc3 Bd6 6. d4 exd4 7. Qxd4 f6 8.
O-O Bg4 9. e5 Bxf3 10. exd6 Bh5 11. Re1+ Kf8 12. Qc5 Qxd6 13. Qxh5 Ne7 14. Be3
g6 15. Qf3 Kf7 16. Rad1 Qb4 17. Bf4 Rad8 18. Bxc7 Rxd1 19. Rxd1 Qxb2 20. Qd3
Qb4 21. Bd6 Qg4 22. Bxe7 Kxe7 23. Qd6+ Kf7 24. Qc7+ 1-0

[Event "ODJM B 2018"]
[Site "Willingen GER"]
[Date "2018.05.20"]
[Round "1"]
[White "Hierl, Johannes"]
[Black "Straßburg, Robin Leonard"]
[Result "0-1"]
[Termination "normal"]
[Board "48"]
[WhiteElo "1355"]
[BlackElo "1732"]
[PlyCount "80"]
[WhiteFideId "16235096"]
[BlackFideId "16210018"]
[EventCountry "GER"]
[EventRounds "9"]
[EventType "swiss"]
[EventDate "2018.05.19"]

1. d4 d5 2. Bf4 e6 3. e3 f5 4. c3 Nf6 5. Nd2 Bd6 6. Bg3 O-O 7. Ngf3 Ne4 8. Ne5
Nd7 9. Ndf3 Qe7 10. Nxd7 Bxd7 11. Ne5 c5 12. Nxd7 Qxd7 13. Bxd6 Qxd6 14. f3 Nf6
15. dxc5 Qxc5 16. Qd4 Qc7 17. Qf4 Rac8 18. Qxc7 Rxc7 19. Bd3 Rd8 20. Ke2 g6 21.
Rac1 e5 22. Bc2 Kf8 23. Rhd1 Ke7 24. Rd2 a6 25. Rcd1 Rcd7 26. e4 dxe4 27. Rxd7+
Rxd7 28. Rxd7+ Kxd7 29. fxe4 f4 30. b4 Kd6 31. a4 Ng4 32. g3 Nxh2 33. gxf4 exf4
34. Kf2 Ke5 35. c4 Ng4+ 36. Kf3 Nf6 37. a5 g5 38. b5 g4+ 39. Ke2 Nxe4 40. Bxe4
Kxe4 0-1

[Event "ODJM B 2018"]
[Site "Willingen GER"]
[Date "2018.05.20"]
[Round "1"]
[White "Noever, Niklas"]
[Black "Schmidt, Pauline"]
[Result "1-0"]
[Termination "normal"]
[Board "49"]
[WhiteElo "1707"]
[BlackElo "1311"]
[PlyCount "99"]
[WhiteFideId "12988642"]
[BlackFideId "16209850"]
[EventCountry "GER"]
[EventRounds "9"]
[EventType "swiss"]
[EventDate "2018.05.19"]

1. d4 Nf6 2. Nf3 g6 3. Bf4 Bg7 4. e3 O-O 5. Be2 b6 6. O-O Bb7 7. h3 d6 8. Nbd2
Nbd7 9. Bh2 Qe8 10. Nc4 Ne4 11. c3 e5 12. Qc2 Qe7 13. Rfe1 Rad8 14. Rad1 Ng5
15. Ncd2 f5 16. Qa4 a5 17. Nxg5 Qxg5 18. Nf3 Qf6 19. Qc4+ Qf7 20. Qxf7+ Rxf7
21. dxe5 Bxf3 22. Bxf3 Rff8 23. e6 Rf6 24. exd7 Rxd7 25. Bc6 Re7 26. Bg3 Rf8
27. Bh4 Re5 28. Bd5+ Kh8 29. Bg3 Ree8 30. f4 Bf6 31. Re2 Re7 32. Rde1 Rfe8 33.
Bc6 Rd8 34. e4 fxe4 35. Rxe4 Rf7 36. Re8+ Rxe8 37. Rxe8+ Kg7 38. Bd5 Rd7 39.
Be6 Re7 40. Rxe7+ Bxe7 41. Bd5 Kh6 42. Kf2 Bf6 43. Kf3 Kh5 44. Bf2 g5 45. Bf7+
Kh6 46. fxg5+ Kxg5 47. Be3+ Kh4 48. Bg8 h5 49. Be6 Be5 50. Bf4 1-0

[Event "ODJM B 2018"]
[Site "Willingen GER"]
[Date "2018.05.20"]
[Round "1"]
[White "Abou Wally, Adrian"]
[Black "Schilay, Eva"]
[Result "0-1"]
[Termination "normal"]
[Board "50"]
[WhiteElo "1183"]
[BlackElo "1605"]
[PlyCount "110"]
[WhiteFideId "16245113"]
[BlackFideId "12930164"]
[EventCountry "GER"]
[EventRounds "9"]
[EventType "swiss"]
[EventDate "2018.05.19"]

1. e4 d6 2. Nf3 Nf6 3. d4 Nxe4 4. Bc4 d5 5. Bb3 Bg4 6. h3 Bh5 7. Bf4 e6 8. Qd3
Nd7 9. Nc3 Bg6 10. Ne5 Nxe5 11. Bxe5 c6 12. Nxe4 Bxe4 13. Qg3 Bg6 14. O-O Qd7
15. c3 Rd8 16. Rfe1 Bd6 17. Bxd6 Qxd6 18. Qxd6 Rxd6 19. Re3 O-O 20. Rae1 Rc8
21. Kf1 c5 22. dxc5 Rxc5 23. Rd1 h6 24. f3 b5 25. a3 a5 26. Kf2 Rb6 27. Rd2 b4
28. axb4 axb4 29. Bd1 bxc3 30. bxc3 Rbc6 31. Bc2 Bxc2 32. Rxc2 d4 33. Rd3 Rxc3
34. Rdxc3 dxc3 35. Ke3 Kh7 36. Kd3 Kg6 37. Rxc3 Rxc3+ 38. Kxc3 Kf5 39. g3 g5
40. Kd3 h5 41. Ke3 e5 42. g4+ hxg4 43. hxg4+ Kf6 44. Kd3 Ke7 45. Ke3 Kd6 46.
Kd2 Ke6 47. Ke2 e4 48. fxe4 Ke5 49. Ke3 f6 50. Kf3 Kd4 51. e5 fxe5 52. Kf2 Ke4
53. Kg3 Ke3 54. Kh2 Kf2 55. Kh3 e4 0-1

[Event "ODJM B 2018"]
[Site "Willingen GER"]
[Date "2018.05.20"]
[Round "1"]
[White "Cozzuto, Alessandro"]
[Black "Färber, Sophie"]
[Result "1/2-1/2"]
[Termination "normal"]
[Board "51"]
[WhiteElo "1531"]
[BlackElo "1421"]
[PlyCount "71"]
[WhiteFideId "12990744"]
[BlackFideId "16239121"]
[EventCountry "GER"]
[EventRounds "9"]
[EventType "swiss"]
[EventDate "2018.05.19"]

1. e4 e5 2. Nf3 Nc6 3. Bc4 Bc5 4. c3 Nf6 5. d3 d6 6. Bb3 Bb6 7. O-O Bg4 8. h3
Bh5 9. Nbd2 a6 10. Re1 O-O 11. Nf1 Bg6 12. Ng3 Nh5 13. Nxh5 Bxh5 14. Be3 Ba7
15. Qe2 Re8 16. Rad1 Qe7 17. Bxa7 Rxa7 18. Qe3 Raa8 19. Ba4 Qd7 20. d4 b5 21.
Bb3 Na5 22. dxe5 Nxb3 23. axb3 Bxf3 24. Qxf3 Rxe5 25. Qf4 Rae8 26. b4 Qe6 27.
f3 Qb3 28. Qd2 Qe6 29. Kf2 Qf6 30. Qe3 Qh4+ 31. Kf1 Qg3 32. Qd2 Rg5 33. Qf2 Qh2
34. Ra1 Ra8 35. Rad1 Qf4 36. Qe3 1/2-1/2

[Event "ODJM B 2018"]
[Site "Willingen GER"]
[Date "2018.05.20"]
[Round "1"]
[White "Bock, Marlon"]
[Black "Klühs, Gustaf"]
[Result "0-1"]
[Termination "normal"]
[Board "52"]
[WhiteElo "1346"]
[BlackElo "1740"]
[PlyCount "116"]
[WhiteFideId "16244931"]
[BlackFideId "16228936"]
[EventCountry "GER"]
[EventRounds "9"]
[EventType "swiss"]
[EventDate "2018.05.19"]

1. c4 Nf6 2. g3 g6 3. Bg2 Bg7 4. Nf3 d6 5. Nc3 c6 6. d3 O-O 7. O-O e5 8. b4
Nbd7 9. Re1 Qc7 10. Rb1 Ne8 11. Bd2 h6 12. Qc1 Kh7 13. b5 f5 14. e3 Nc5 15. Qc2
Nf6 16. Rec1 Bd7 17. d4 Nce4 18. Nxe4 Nxe4 19. dxe5 dxe5 20. a4 Nxd2 21. Nxd2
Rfd8 22. Rd1 Rab8 23. Rb3 Be6 24. e4 f4 25. Rc3 Rd7 26. Nb3 Rbd8 27. Rcd3 cxb5
28. axb5 Rxd3 29. Rxd3 Rxd3 30. Qxd3 Qxc4 31. Qxc4 Bxc4 32. Nc5 b6 33. Nb7 Bxb5
34. Nd6 Ba6 35. Bf1 Bxf1 36. Kxf1 a6 37. gxf4 exf4 38. Ke2 Be5 39. Nc4 Bc7 40.
Kd3 b5 41. Na3 Bd6 42. Nb1 Be5 43. Kc2 Kg7 44. Nd2 a5 45. Kb3 Kf6 46. Kc2 a4
47. Kb1 Ke6 48. Ka2 Bd4 49. f3 Bc5 50. Nb1 Bb4 51. h3 g5 52. Na3 Bxa3 53. Kxa3
h5 54. Kb2 b4 55. Ka2 Ke5 56. Kb2 g4 57. hxg4 hxg4 58. fxg4 f3 0-1

[Event "ODJM B 2018"]
[Site "Willingen GER"]
[Date "2018.05.20"]
[Round "1"]
[White "Werner, Tom"]
[Black "Tran, Minh Dat"]
[Result "1/2-1/2"]
[Termination "normal"]
[Board "53"]
[WhiteElo "1615"]
[BlackElo "1400"]
[PlyCount "140"]
[WhiteFideId "16223756"]
[BlackFideId "16244702"]
[EventCountry "GER"]
[EventRounds "9"]
[EventType "swiss"]
[EventDate "2018.05.19"]

1. c4 c5 2. Nc3 Nc6 3. g3 b6 4. Bg2 Bb7 5. e3 Nf6 6. Nge2 g6 7. d4 cxd4 8. exd4
d6 9. O-O Bg7 10. Be3 O-O 11. Qd2 Na5 12. Bxb7 Nxb7 13. Bh6 Rc8 14. Bxg7 Kxg7
15. b3 d5 16. cxd5 Nxd5 17. Rac1 Nxc3 18. Rxc3 Qd7 19. Rfc1 Nd6 20. Qe3 Nf5 21.
Qf4 Rxc3 22. Rxc3 Rc8 23. Qd2 Rxc3 24. Qxc3 Nd6 25. d5+ f6 26. Nf4 Qc8 27. Qc6
Kf7 28. Qxc8 Nxc8 29. a4 a6 30. Ne6 b5 31. axb5 axb5 32. Nc7 Nd6 33. Kf1 f5 34.
f4 Kf6 35. Ke2 g5 36. Ke3 gxf4+ 37. gxf4 b4 38. Na6 Nb5 39. Nxb4 Nc3 40. Kd3
Nd1 41. Nc6 Nf2+ 42. Ke2 Ne4 43. Kd3 e6 44. dxe6 Kxe6 45. Nd4+ Kf6 46. b4 Nf2+
47. Kc4 Nh3 48. Ne2 Ke6 49. Kc5 Kd7 50. Kb6 Nf2 51. b5 Nd3 52. Nd4 Nxf4 53.
Nxf5 Nd5+ 54. Ka7 Ke6 55. Ng3 Kd6 56. b6 Nxb6 57. Kxb6 Ke5 58. Kc5 Kf4 59. Kd4
Kg4 60. Ke3 Kh3 61. Nf1 Kg2 62. Kf4 Kxf1 63. h4 Ke2 64. Kf5 Ke3 65. Kf6 Ke4 66.
h5 Kd5 67. Ke7 Ke5 68. Kf7 Kf5 69. Kg7 Ke6 70. Kxh7 Kf7 1/2-1/2

[Event "ODJM B 2018"]
[Site "Willingen GER"]
[Date "2018.05.20"]
[Round "1"]
[White "Seliokaite, Ana"]
[Black "von Rosen, Jakob"]
[Result "0-1"]
[Termination "normal"]
[Board "54"]
[WhiteElo "1305"]
[BlackElo "1700"]
[PlyCount "60"]
[WhiteFideId "16224817"]
[BlackFideId "12982989"]
[EventCountry "GER"]
[EventRounds "9"]
[EventType "swiss"]
[EventDate "2018.05.19"]

1. e4 c5 2. d4 cxd4 3. c3 d5 4. cxd4 dxe4 5. Nc3 Nf6 6. Bc4 Nc6 7. Bf4 e6 8.
Nge2 Be7 9. O-O O-O 10. Ng3 Nxd4 11. Ncxe4 Nxe4 12. Nxe4 b6 13. Ng3 Bb7 14. Nh5
Nf5 15. Qb3 Bd5 16. Rfd1 Bxc4 17. Qxc4 Qc8 18. Qe2 Qb7 19. Qg4 Kh8 20. Rac1
Rac8 21. Be5 f6 22. Bf4 Rxc1 23. Rxc1 Rc8 24. Qe2 Rxc1+ 25. Bxc1 Qc6 26. Qd1
Nd4 27. Ng3 e5 28. Be3 Qc2 29. Qd2 Qb1+ 30. Nf1 Bb4 0-1

[Event "ODJM B 2018"]
[Site "Willingen GER"]
[Date "2018.05.20"]
[Round "1"]
[White "Chlechowitz, Maximilian"]
[Black "Ramien, Hannah"]
[Result "1-0"]
[Termination "normal"]
[Board "55"]
[WhiteElo "1622"]
[BlackElo "1274"]
[PlyCount "43"]
[WhiteFideId "16222571"]
[BlackFideId "16209982"]
[EventCountry "GER"]
[EventRounds "9"]
[EventType "swiss"]
[EventDate "2018.05.19"]

1. d4 d5 2. Nf3 e6 3. e3 c5 4. c3 Nf6 5. Bd3 c4 6. Bc2 Bd6 7. Nbd2 Bd7 8. O-O
Qc7 9. Re1 O-O 10. e4 dxe4 11. Nxe4 Nxe4 12. Bxe4 Bc6 13. Bxh7+ Kh8 14. Ng5
Bxh2+ 15. Kh1 Nd7 16. Qh5 Nf6 17. Qh4 Bd6 18. Re3 Bf4 19. Rh3 Bxg5 20. Bxg5 Qe7
21. Bg6+ Kg8 22. Qh8# 1-0

[Event "ODJM B 2018"]
[Site "Willingen GER"]
[Date "2018.05.20"]
[Round "1"]
[White "Huppert, Anna"]
[Black "Uhlendorff, Luca"]
[Result "0-1"]
[Termination "normal"]
[Board "56"]
[WhiteElo "1371"]
[BlackElo "1590"]
[PlyCount "84"]
[WhiteFideId "16214439"]
[BlackFideId "16221923"]
[EventCountry "GER"]
[EventRounds "9"]
[EventType "swiss"]
[EventDate "2018.05.19"]

1. e4 d5 2. exd5 Qxd5 3. Nc3 Qd8 4. Bc4 Nf6 5. d4 e6 6. Nf3 a6 7. a4 Be7 8. O-O
O-O 9. Bf4 b6 10. Qd3 Bb7 11. Rad1 Nc6 12. Rfe1 Nb4 13. Qe2 Bxf3 14. gxf3 Nbd5
15. Nxd5 Nxd5 16. Bxd5 Qxd5 17. Bxc7 Qc6 18. Bf4 Qxa4 19. Kh1 Bf6 20. Rg1 Rac8
21. c3 Qc6 22. Rg3 a5 23. Rdg1 g6 24. Be5 Bxe5 25. Qxe5 Rfd8 26. Qf6 Rd5 27.
Qf4 Rf5 28. Qe3 Rh5 29. R1g2 a4 30. f4 Ra8 31. Qc1 Qd6 32. Rd3 a3 33. bxa3 Rxa3
34. Rgg3 Rha5 35. Rd1 Qc6+ 36. Kg1 Ra2 37. Rgd3 Qa8 38. h3 Ra1 39. Qc2 Rxd1+
40. Rxd1 Qf3 41. Kh2 Rh5 42. Kg1 Rxh3 0-1

[Event "ODJM B 2018"]
[Site "Willingen GER"]
[Date "2018.05.20"]
[Round "1"]
[White "von Jan, Lena"]
[Black "Frank, Cillian"]
[Result "0-1"]
[Termination "normal"]
[Board "57"]
[WhiteElo "1480"]
[BlackElo "1339"]
[PlyCount "72"]
[WhiteFideId "12946060"]
[BlackFideId "16245202"]
[EventCountry "GER"]
[EventRounds "9"]
[EventType "swiss"]
[EventDate "2018.05.19"]

1. e4 c5 2. Nf3 d6 3. Bb5+ Bd7 4. Bxd7+ Nxd7 5. O-O g6 6. d3 Bg7 7. Nc3 a6 8.
Ne2 Ngf6 9. Ng3 b5 10. Re1 Qc7 11. c3 O-O 12. Qe2 Ng4 13. h3 Nge5 14. Nxe5 Nxe5
15. h4 c4 16. d4 Nd3 17. Rd1 e6 18. h5 d5 19. e5 f6 20. exf6 Rxf6 21. Be3 Raf8
22. Rf1 e5 23. h6 Bh8 24. Rab1 e4 25. Qg4 Qf7 26. Nh1 g5 27. Qxg5+ Rg6 28. Qh4
Bf6 29. Qh3 Bg5 30. Bxg5 Rxg5 31. g3 Nf4 32. Qh4 Ne2+ 33. Kh2 Rh5 34. Qxh5
Qxh5+ 35. Kg2 Qf3+ 36. Kh2 Rf5 0-1

[Event "ODJM B 2018"]
[Site "Willingen GER"]
[Date "2018.05.20"]
[Round "1"]
[White "Reyher, Susan"]
[Black "Hallfarth, Luise"]
[Result "1-0"]
[Termination "normal"]
[Board "59"]
[WhiteElo "1759"]
[BlackElo "1425"]
[PlyCount "53"]
[WhiteFideId "24686107"]
[BlackFideId "16250222"]
[EventCountry "GER"]
[EventRounds "9"]
[EventType "swiss"]
[EventDate "2018.05.19"]

1. e4 c5 2. Nf3 Nc6 3. d4 cxd4 4. Nxd4 g6 5. Nc3 Bg7 6. Be3 Nf6 7. f3 O-O 8.
Bc4 Qb6 9. Bb3 Nxe4 10. Nd5 Qc5 11. Nxc6 Qb5 12. Nd4 Qa5+ 13. c3 Nc5 14. Nxe7+
Kh8 15. Nxc8 Raxc8 16. O-O Rfe8 17. Re1 Kg8 18. Bc2 Qc7 19. Rb1 Re5 20. Nb5 Qa5
21. Nd6 Rc6 22. b4 Qxa2 23. Bxc5 Rxe1+ 24. Qxe1 Qxc2 25. Qe8+ Bf8 26. Qxf7+ Kh8
27. Qxf8# 1-0

[Event "ODJM B 2018"]
[Site "Willingen GER"]
[Date "2018.05.20"]
[Round "1"]
[White "König, Dominik"]
[Black "Silber, Stefanie"]
[Result "0-1"]
[Termination "normal"]
[Board "60"]
[WhiteElo "1296"]
[BlackElo "1685"]
[PlyCount "84"]
[WhiteFideId "16245148"]
[BlackFideId "12918245"]
[EventCountry "GER"]
[EventRounds "9"]
[EventType "swiss"]
[EventDate "2018.05.19"]

1. e4 c6 2. Nc3 d5 3. d4 dxe4 4. Nxe4 Bf5 5. Ng3 Bg6 6. Nf3 Nd7 7. Bf4 Ngf6 8.
Bc4 Nb6 9. Bb3 Nbd5 10. Qd2 e6 11. O-O a5 12. a3 Ne4 13. Nxe4 Bxe4 14. Bxd5
Qxd5 15. Nh4 Be7 16. f3 Bxc2 17. Qxc2 Qxd4+ 18. Rf2 Qxf4 19. g3 Qd4 20. Rd1 Qb6
21. Kg2 g5 22. Nf5 exf5 23. Re2 Rd8 24. Rde1 Rd7 25. Qxf5 Kd8 26. Qxf7 Rf8 27.
Qxh7 Bb4 28. Qh6 Bxe1 29. Qxf8+ Kc7 30. Rxe1 Qxb2+ 31. Kh1 Qf2 32. Rg1 Rd2 33.
Qf7+ Kb8 34. Qh5 g4 35. Qe5+ Ka7 36. Qxa5+ Kb8 37. Qe5+ Ka8 38. Qa5+ Kb8 39.
Qe5+ Kc8 40. Qe8+ Kc7 41. Qe5+ Kb6 42. Rb1+ Ka6 0-1

[Event "ODJM B 2018"]
[Site "Willingen GER"]
[Date "2018.05.20"]
[Round "2"]
[White "Zha, Kevin"]
[Black "Rothenberg, Jannik"]
[Result "1/2-1/2"]
[Termination "normal"]
[Board "1"]
[WhiteElo "1596"]
[BlackElo "1678"]
[WhiteClock "00:39:23"]
[BlackClock "00:34:36"]
[PlyCount "45"]
[WhiteFideId "16208951"]
[BlackFideId "16204743"]
[EventCountry "GER"]
[EventRounds "9"]
[EventType "swiss"]
[EventDate "2018.05.19"]

1. e4 {[%clk 1:30:59]} 1... e6 {[%clk 1:30:49]} 2. d4 {[%clk 1:31:25]} 2... d5
{[%clk 1:31:15]} 3. exd5 {[%clk 1:31:52]} 3... exd5 {[%clk 1:31:33]} 4. c4 {
[%clk 1:32:18]} 4... Nf6 {[%clk 1:31:02]} 5. Nc3 {[%clk 1:32:41]} 5... c6 {
[%clk 1:30:13]} 6. Bd3 {[%clk 1:32:01]} 6... dxc4 {[%clk 1:28:08]} 7. Bxc4 {
[%clk 1:32:25]} 7... Be7 {[%clk 1:27:26]} 8. Nf3 {[%clk 1:30:58]} 8... O-O {
[%clk 1:26:59]} 9. O-O {[%clk 1:31:22]} 9... Nbd7 {[%clk 1:26:31]} 10. Be3 {
[%clk 1:29:59]} 10... Nb6 {[%clk 1:25:43]} 11. Bb3 {[%clk 1:29:23]} 11... Nbd5
{[%clk 1:25:03]} 12. h3 {[%clk 1:27:50]} 12... h6 {[%clk 1:23:25]} 13. Re1 {
[%clk 1:23:00]} 13... Be6 {[%clk 1:21:23]} 14. Ne5 {[%clk 1:18:10]} 14... Qc7 {
[%clk 1:16:22]} 15. Rc1 {[%clk 1:13:58]} 15... Rad8 {[%clk 1:11:21]} 16. Qf3 {
[%clk 1:05:50]} 16... Qa5 {[%clk 0:59:14]} 17. Red1 {[%clk 1:00:06]} 17... Nxc3
{[%clk 0:50:33]} 18. bxc3 {[%clk 0:59:49]} 18... Nd5 {[%clk 0:44:58]} 19. Bd2 {
[%clk 0:56:55]} 19... Qc7 {[%clk 0:43:00]} 20. c4 {[%clk 0:50:52]} 20... Nf6 {
[%clk 0:39:38]} 21. Bf4 {[%clk 0:46:41]} 21... Qa5 {[%clk 0:37:17]} 22. Qe2 {
[%clk 0:42:34]} 22... Ba3 {[%clk 0:34:36]} 23. Rb1 {[%clk 0:39:23]} 1/2-1/2